000 00924nam a2200253Ia 4500
003 OSt
005 20220923211151.0
006 a|||||r|||| 00| 0
007 ta
008 220922b |||||||| |||| 00| 0 pan d
020 _a81876541355 (hbk)
_c350
024 _a241,275
037 _b165, 24/10/2009, H.K. Prakashan
_cTextual
040 _aARTS
_cARTS
_bpan
041 _2pan
_apan
082 _aO153,3:g, P8
100 _aਮਹਿਰੋਕ, ਪ੍ਰਿਤਪਾਲ ਸਿੰਘ
_9159030
245 0 _aਪੰਜਾਬੀ ਕਹਾਣੀ
_b ਵਿਚਾਰਧਾਰਕ ਪਰਿਪੇਖ
260 _aਦਿੱਲੀ
_b ਮਨਜੀਤ ਪ੍ਰਕਾFਨ
_c2008
300 _a271ਪੰ
_ccm.
650 _aਪੰਜਾਬੀ ਸਾਹਿਤ
942 _hO153,3:g, P8
_cTEXL
_2CC
999 _c296242
_d296242